000 00734nam a2200205Ia 4500
999 _c39421
_d39421
001 6012
003 GE_BSU
005 20190902104356.0
008 181216s1968||||ge |||||||||||||| ||geo||
040 _cGE_BSU
041 _ageo
080 _a821.353.1-1 ა-19
100 _aაბრამიშვილი, მარი
_93838
245 _aსაკუთარ თავთან :
_bლექსები /
_cმარი აბრამიშვილი.
264 _aთბილისი :
_bლიტერატურა და ხელოვნება ;
_c[1968].
300 _a76 გვ. ;
_c17 სმ.
653 _aსაკუთარ თავთან
653 _aლექსები
942 _cBK
_2udc